The New English Bible with the Apocrypha. (Record no. 6831)
[ view plain ]
| 000 -LEADER | |
|---|---|
| fixed length control field | 00871cam a2200217Ia 4500 |
| 001 - CONTROL NUMBER | |
| control field | 84986 |
| 003 - CONTROL NUMBER IDENTIFIER | |
| control field | GBCCL |
| 005 - DATE AND TIME OF LATEST TRANSACTION | |
| control field | 20251127135338.0 |
| 008 - FIXED-LENGTH DATA ELEMENTS--GENERAL INFORMATION | |
| fixed length control field | 770927s1971 nyu 000 0 eng d |
| 035 ## - SYSTEM CONTROL NUMBER | |
| System control number | (OCoLC)03300213 |
| 040 ## - CATALOGING SOURCE | |
| Original cataloging agency | YUS |
| Transcribing agency | YUS |
| Modifying agency | OCL |
| -- | LBB |
| 082 ## - DEWEY DECIMAL CLASSIFICATION NUMBER | |
| Classification number | 220.5206 |
| Item number | BIB |
| 090 ## - LOCALLY ASSIGNED LC-TYPE CALL NUMBER (OCLC); LOCAL CALL NUMBER (RLIN) | |
| Classification number (OCLC) (R) ; Classification number, CALL (RLIN) (NR) | BS192.A1 1971 |
| Local cutter number (OCLC) ; Book number/undivided call number, CALL (RLIN) | .N48 |
| 245 14 - TITLE STATEMENT | |
| Title | The New English Bible with the Apocrypha. |
| 260 ## - PUBLICATION, DISTRIBUTION, ETC. | |
| Place of publication, distribution, etc. | New York : |
| Name of publisher, distributor, etc. | Oxford University Press, |
| Date of publication, distribution, etc. | 1971. |
| 300 ## - PHYSICAL DESCRIPTION | |
| Extent | xxi, 1166, viii, 275, ix, 336 p. ; |
| Dimensions | 22 cm. |
| 500 ## - GENERAL NOTE | |
| General note | "The publication of the books of the Apocrypha ... prepared under the auspices of the Joint Committee on the New Translation of the Bible." |
| 500 ## - GENERAL NOTE | |
| General note | "The New Testament. First edition 1961. Second edition 1970. The Old Testament and Apocrypha. First published 1970." |
| 710 2# - ADDED ENTRY--CORPORATE NAME | |
| Corporate name or jurisdiction name as entry element | Joint Committee on the New Translation of the Bible. |
| 9 (RLIN) | 12234 |
| 942 ## - ADDED ENTRY ELEMENTS (KOHA) | |
| Source of classification or shelving scheme | Dewey Decimal Classification |
| Koha item type | Reference Books |
| Withdrawn status | Lost status | Source of classification or shelving scheme | Damaged status | Not for loan | Home library | Current Library | Shelving location | Date acquired | Total checkouts | Full call number | Barcode | Date last seen | Copy number | Price effective from | Koha item type |
|---|---|---|---|---|---|---|---|---|---|---|---|---|---|---|---|
| Dewey Decimal Classification | GRACE BIBLE COLLEGE | GRACE BIBLE COLLEGE | Bible | 2018-06-29 | 220.5206 BIB | 011945 | 2025-05-01 | c.1 | 2018-06-29 | Reference Books | |||||
| Dewey Decimal Classification | GRACE BIBLE COLLEGE | GRACE BIBLE COLLEGE | Bible | 2018-06-29 | 220.5206 BIB | 011946 | 2025-05-01 | c.2 | 2018-06-29 | Reference Books |